000 00617nam a22002051 4500
001 bimo0001273187
003 OSt
005 20150309165317.0
008 960922s1971 sp spa
040 _cBMC
082 _a808.06845
100 1 _aPapini, Giovanni
_d1881-1956
_91091
245 1 0 _aPalabras y sangre
_cGiovanni Papini ; [traducción, Mario Verdaguer]
260 _a[Esplugas de Llobregat (Barcelona)
_bPlaza & Janés
_c1971
300 _a158 p.
_c18 cm
490 0 _aRotativa
650 2 4 _932525
_aCuentos italianos
700 1 _aVerdaguer, Mario
_d1885-1963
_932005
942 _2ddc
_cBK
_hahoj
999 _c19398
_d19398